000 00802nam a2200205 i 4500
001 46209
003 ES-MaACL
005 20230906161338.0
007 t|
008 030328s1979 sp ||||1| spa d
111 2 _aConferencia Intergubernamental sobre Estrategias y Políticas en Materia de Informática (
_d1978.
_cTorremolinos)
_9204
245 1 0 _aConferencia SPIN 1978
_b: actas y documentos.
260 _a[Madrid] :
_bPresidencia del Gobierno, Secretaria General Tecnica,
_c[1979]
300 _a3 v. ;
_c30 cm.
490 1 _aDocumentación Informática. Serie blanca
710 1 _aEspaña.
_bPresidencia del Gobierno.
_bSecretaría General Técnica.
_93954
830 0 _aDocumentación Informática. Serie blanca
_9186499
852 _aES-MaACL
_jL-5768-70
_bR.106072
999 _c46209
_d46209